2022 Sweet 16 Basketball Team Logos - Statistics

General Stats
  • This quiz has been taken 114 times
  • The average score is 14 of 16
Answer Stats
Picture Answer % Correct
Michigan
98%
North Carolina
96%
Arkansas
94%
Duke
94%
Purdue
94%
Arizona
91%
Houston
91%
Iowa State
91%
Texas Tech
91%
Kansas
89%
Miami
87%
University of California Los Angeles
87%
Villanova
83%
Gonzaga
70%
Saint Peters
66%
Providence
51%
No matching quizzes found
Score Distribution
Percent of People with Each Score
Percentile by Number Answered
Your Score History
You have not taken this quiz